000 01024pam a2200301 a 4500
999 _c1566
_d1566
001 4506824
003 OSt
005 20210629054448.0
008 980505s1999 maua 001 0 eng
010 _a 98024823
020 _a0205273823
040 _aDLC
_cALUPE UNIVERSITY
_dDLC
050 0 0 _aPE1408
_b.M39475 1999
082 0 0 _a808/.042
_221
100 1 _aMcMahan, Elizabeth.
245 1 0 _aHere's how to write well /
_cElizabeth McMahan, Robert Funk.
260 _aBoston :
_bAllyn and Bacon,
_cc1999.
300 _axx, 252 p. :
_bill. ;
_c22 cm.
500 _aIncludes index.
650 0 _aEnglish language
_xRhetoric.
650 0 _aEnglish language
_xGrammar
_xHandbooks, manuals, etc.
650 0 _aReport writing
_xHandbooks, manuals, etc.
700 1 _aFunk, Robert.
906 _a7
_bcbc
_corignew
_d1
_eocip
_f19
_gy-gencatlg
942 _2lcc
_cBK
_nPW